Nội chiến trong gia đình có thể tránh Tư vấn gia đình mẹ chồng nàng dâu
Saved in:
| Main Author: | |
|---|---|
| Format: | Book |
| Published: |
Tp. Hồ Chí Minh
Phương Đông
2008
|
| Subjects: | |
| Tags: |
Add Tag
No Tags, Be the first to tag this record!
|
| Institutions: | Trung tâm Học liệu Lê Vũ Hùng, Trường Đại học Đồng Tháp |
|---|
| LEADER | 00887pam a22002658a 4500 | ||
|---|---|---|---|
| 001 | 00034510 | ||
| 005 | 20171026081025.0 | ||
| 008 | 161004s2008 ||||||Viesd | ||
| 020 | |c 20000 | ||
| 041 | 0 | # | |a Vie |
| 082 | 1 | 4 | |a 158.2 |b N452CH |
| 100 | 1 | # | |a Trần, Thị Giồng |
| 245 | 1 | 0 | |a Nội chiến trong gia đình có thể tránh |b Tư vấn gia đình mẹ chồng nàng dâu |c Trần Thị Giồng |
| 260 | # | # | |a Tp. Hồ Chí Minh |b Phương Đông |c 2008 |
| 300 | # | # | |a 122 tr. |c 20 cm. |
| 653 | # | # | |a Gia đình |
| 653 | # | # | |a Tâm lí học |
| 653 | # | # | |a Kỹ Năng sống |
| 653 | # | # | |a Giao tiếp |
| 852 | # | # | |b Kho mượn |j KM.0018208 |
| 852 | # | # | |j KD.0017573 |j KM.0018208 |
| 852 | # | # | |b Kho đọc |j KD.0017573 |
| 910 | |d 04/10/2016 | ||
| 980 | # | # | |a Trung tâm Học liệu Lê Vũ Hùng, Trường Đại học Đồng Tháp |